Англійська терміносистема коштовного каміння: генезис, структура, семантика (Запис № 285951)

МАРК-запис
000 -Лідер
fixed length control field 03104nam a22002297a 4500
001 - Контрольний номер
control field 216222729
003 - Ідентифікатор контрольного номера
control field UA-OsUOA
005 - Дата та час останнього входження (трансакції)
control field 20220825123522.0
008 - Елементи даних фіксованої довжини – загальна інформація
fixed length control field 220825b un d|||f |||| 00| 0 ukr d
040 ## - Джерело каталогізації
Агенція оригінальної каталогізації UA-OsUOA
Мова каталогізації ukr
Агенція, яка здійснювала перезапис UA-OsUOA
Агенція, яка здійснювала модифікацію UA-OsUOA
041 ## - Код мови
Код мови тексту/ звукової доріжки чи окремого заголовка (П) ukr
080 ## - Індекс Універсальної десяткової класифікації
Індекс Універсальної десяткової класифікації (УДК) (НП) 81
090 ## - Локальний шифр розміщення
Класифікаційний індекс УДК 81
Авторський знак (НП) К44
100 ## - Основне введення – ім’я особи
Ім’я особи (НП) Кисюк В. Р.
245 ## - Відомості про назву
Назва (НП) Англійська терміносистема коштовного каміння: генезис, структура, семантика
Дані про відповідальність (НП) Кисюк В. Р.
260 ## - Публікація, розповсюдження і т.п. (Вихідні дані)
Місце публікації, розповсюдження і т.п. (П) Острог
Ім’я/ наймення видавництва, розповсюджувача і т.п. (П) КАФ
Дата публікації, розповсюдження і т.п. (П) 2017
300 ## - Фізичний опис
Обсяг 68 с.
520 ## - Резюме і т.п.
Резюме, реферат, анотація, тощо (НП) Вступ.<br/>Розділ І. Теоретичні засади вивчення терміносистеми ювелірних виробів.<br/>1.1. Визначення поняття "термін" у сучасних лінгвістичних дослідженнях<br/>1.2. Терміносистеми та їх функції<br/>1.3. Терміносистема ювелірних виробів у сучасній англійській мові<br/>1.3.1. Стан вивчення терміносистеми ювелірних виробів та їх репрезентація лексикографічними працями<br/>1.3.2. Особливості класифікації лексики на позначення ювелірних виробів<br/>1.3.3. Лексико-семантичні групи терміноодиниць на позначення ювелірних виробів<br/>1.3.4. Структурні характеристики терміноодиниць на позначення ювелірних виробів<br/>Розділ ІІ. Корпус текстів про ювелірні вироби для дослідження функціонування системи.<br/>2.1. Загальні характеристики корпусу текстів<br/>2.2. Створення спеціалізованого текстового корпусу коштовного каміння<br/>2.3. Анотування/опрацювання даних корпусу текстів коштовного каміння (аметисту)<br/>Розділ ІІІ. Опрацювання результатів дослідження та створення категоріального апарату терміносистеми коштовного каміння.<br/>3.1. Створення та особливості користування текстовим корпусом коштовного каміння у програмі AntConc<br/>3.2. Фіксація термінологічної сполучуваності слів та опрацювання термінологічних даних із текстового корпусу коштовного каміння за допомогою програми AntConc<br/>Висновки.<br/>Список використаної літератури та джерел.<br/>Додатки.
650 ## - Додаткове предметне введення – тематичний термін
Тематичний термін чи географічна назва, як елемент введення (НП) 81 Лінгвістика. Мовознавство. Мови
Джерело заголовка чи терміна UDC
942 ## - Додаткові елементи входу (Коха)
Тип елемента Koha Книги
Source of classification or shelving scheme Universal Decimal Classification
955 ## - Код типу видання за змістом
Код типу видання за змістом (НП) Наукові видання
Фонди
Стан вилучень Стан втрат Джерело класифікації або схеми стелажів Стан уражень Не для кредиту Постійне місце розташування Поточне розміщення Дата придбання Джерело придбання Вартість, звичайна ціна покупки Повний номер виклику Штрих-код Дата останнього перегляду Вартість, ціна заміни Ціна ефективна від Тип елемента Koha Примітка, призначена для загального доступу
    Universal Decimal Classification     ВІЛ - Відділ іноземн. літератури НБ ВІЛ - Відділ іноземн. літератури НБ 27/06/2017 Акт №02/17 1.00 81 К44 216029 10/11/2021 1.00 27/06/2017 Книги Дипломна робота (бакалавр)